000 00520nam a2200205 4500
001 291436
005 20180809044224.0
008 691016s1969 nyua b 001 0 eng
010 _a 69018718
040 _aDLC
_cDLC
_dDLC
041 _aeng
080 _a618.92 MAU
082 0 0 _a618.92 MAU
100 1 _a8
101 _aPED
245 0 0 _aPediatric hematology
_c[by] Alvin M. Mauer.
504 _aIncludes bibliographical references.
906 _a7
_bcbc
_corignew
_du
_encip
_f19
_gy-gencatlg
942 _2ddc
_cBK
999 _c46953
_d46953